Điều tra cơ bản về nước ngầm tại Lâm Đồng 1999 - 2009 /

Đã lưu trong:
书目详细资料
主要作者: Hoàng Vượng.
格式: Bài viết
语言:Vietnamese
标签: 添加标签
没有标签, 成为第一个标记此记录!
Thư viện lưu trữ: Thư viện Trường Đại học Đà Lạt
LEADER 00790nam a2200229 4500
001 DLU120140331
005 ##20120712
040 # # |a DLU  |b vie 
041 # # |a vie 
044 # # |a vn 
100 # # |a Hoàng Vượng. 
245 # # |a Điều tra cơ bản về nước ngầm tại Lâm Đồng 1999 - 2009 /  |c Hoàng Vượng. 
773 # # |t Kỷ yếu 30 năm hoạt động khoa học - công nghệ: phục vụ phát triển kinh tế - xã hội tỉnh Lâm Đồng (01.03.1979 - 01.3.2009)  |g 2009, tr. 103-109 
920 # # |a Phòng Tạp chí -- Trung tâm Thông tin - Thư viện Trường Đại học Đà Lạt 
994 # # |a DLU 
900 # # |a True 
911 # # |a Nguyễn Thị Tưởng 
925 # # |a G 
926 # # |a A 
927 # # |a BB 
980 # # |a Thư viện Trường Đại học Đà Lạt